00389nam a2200157Ia 45000010006000000050017000060080041000230410008000640820016000721000030000882450060001182600009001783000028001876500008002156540008002231330520260306164751.0260306t2015||||xx |||||||||||||| ||spa|| aESP a001.42bM96 aMuñoz Razo, CarloseAUT 0aCómo elaborar y asesorar una investigación de tesis c2015 a462 páginas :c27 cm. aGEN aCHU